000 00612nam a2200193 i 4500
001 167581
003 ES-MaACL
005 20230906213545.0
008 170821s1970 sp |||| | spa d
080 _a821.134.2(82)-14"19"
100 1 _aPasamanik, Luisa.
_9163526
245 1 0 _aTlaloke
_b: (poemas mexicanos) /
_cLuisa Pasamanik.
260 _aMadrid :
_bCultura Hispánica,
_c1970.
300 _a76 p. ;
_c20 cm.
490 1 _aColección poética "Leopoldo Panero" ;
_v14
830 1 _aColección poética "Leopoldo Panero" ;
_v14
_9182594
852 _aES-MaACL
_jP-2 Nº 14
999 _c167581
_d167581